000
00308nam a2200133Ia 4500
005
20251222143246.0
008
251222s9999||||xx |||||||||||||| ||spa||
020
_a
2-85562-0325
082
_a
731.463/P77
100
_a
Pons, Louis
245
0
_a
Jean Amado:
264
_b
Galerie Jeanne Bucher
942
_c
LIB
999
_c
14783
_d
14783